AGEBRA COURSE (Record no. 26998)

MARC details
000 -LEADER
fixed length control field 00408nam a22001697a 4500
003 - CONTROL NUMBER IDENTIFIER
control field OSt
005 - DATE AND TIME OF LATEST TRANSACTION
control field 20220114101515.0
008 - FIXED-LENGTH DATA ELEMENTS--GENERAL INFORMATION
fixed length control field 220114b |||||||| |||| 00| 0 eng d
040 ## - CATALOGING SOURCE
Transcribing agency HAWASSA UNVIERSTY
050 ## - LIBRARY OF CONGRESS CALL NUMBER
Classification number 512/FHE
Item number 3
082 ## - DEWEY DECIMAL CLASSIFICATION NUMBER
Edition number 2
Classification number 512/FHE
Item number 36
100 ## - MAIN ENTRY--PERSONAL NAME
Personal name FEHRE
9 (RLIN) 27965
111 ## - MAIN ENTRY--MEETING NAME
Location of meeting NEW LABERRE
9 (RLIN) 27468
245 ## - TITLE STATEMENT
Title AGEBRA COURSE
260 ## - PUBLICATION, DISTRIBUTION, ETC.
Place of publication, distribution, etc. NEW YORK
Name of publisher, distributor, etc. LONDON
Date of publication, distribution, etc. 1955
942 ## - ADDED ENTRY ELEMENTS (KOHA)
Source of classification or shelving scheme Dewey Decimal Classification
Koha item type Books like text book referance book
Suppress in OPAC No
Holdings
Withdrawn status Lost status Source of classification or shelving scheme Damaged status Not for loan Home library Current library Date acquired Total Checkouts Full call number Barcode Date last seen Copy number Price effective from Koha item type
    Dewey Decimal Classification     College of Agriculture Library College of Agriculture Library 01/14/2022   512/FHE ALIB0014714 01/14/2022 1 01/14/2022 Books like text book referance book
    Dewey Decimal Classification     College of Agriculture Library College of Agriculture Library 01/14/2022   512/FHE ALIB0014715 01/14/2022 4 01/14/2022 Books like text book referance book
    Dewey Decimal Classification     College of Agriculture Library College of Agriculture Library 01/14/2022   512/FHE ALIB0014716 01/14/2022 5 01/14/2022 Books like text book referance book